000 00717nam a2200265Ia 4500
003 OSt
005 20220925204930.0
006 a|||||r|||| 00| 0
007 ta
008 220923b |||||||| |||| 00| 0 eng d
020 _a9027933472
037 _cGeneral Book
040 _aRTL
_cRTL
_beng
041 _2eng
_aeng
082 _aQ7:2, L9
100 _aPeters Rudolph
_9269284
245 0 _aIslam and colonialism
_b The doctrine of jihael in
260 _aHague
_bMouton
_c1979
300 _aviii, 245p
_ccm.
490 _aReligion and Society 20
500 _aBib p. 201-25
650 _aIslam
_9577
942 _hQ7:2, L9
_cGB
_2CC
999 _c550809
_d550809